000 00869nam a2200277 a 4500
001 000007096
003 DO-SdBNP
005 20250211142506.0
007 ta
008 090904s1999 dr 001 0 spa d
020 _z9993410012
040 _aDO-SdBNP
_bspa
_cBNPHU
_erda
082 4 _axxx
_bM351p
_222
100 1 _aMármol, José,
_d1960-
_eautor
_4aut.
_96454
245 1 0 _aPremisas para morir :
_baforismos y fragmentos /
_cJosé Mármol.
250 _aprimera edición
264 4 _aSanto Domingo :
_bEditora Amigo del Hogar,
_c©1999.
300 _a83 páginas ;
_c23 cm.
336 _atexto
_btxt
_2rdacontent
337 _asin mediación
_bn
_2rdamedia
338 _avolumen
_bnc
_2rdacarrier
490 _aColección Egro. Nueva Etapa
500 _aIncluye datos biográficos del autor en las solapas
590 _aInventariado, 2025/BT
942 _2ddc
_cLBS1
999 _c6877
_d6877